00576nam a2200205 a 4500001001300000003000900013005001700022008004100039020002400080082001900104100001900123245004800142260004300190300000900233500003500242505001000277650003200287650003200319700001900351nice12345678IN_TiNIC20260116014029.0050804s1996 lona grp 000 0 eng  a0415915201 c150900a949.7024bDAV1 aDavis, G Scott aReligion and Justice in the War Over Bosnia aLondon bRoutledge Chapman Hall c1996 a181p aincludes index and biblioraphy2 aindex aYygoslav War-Historiography aYugoslav War-Historiography1 aDavis, G Scott